| 000 | 00766nam a2200301Ia 4500 | ||
|---|---|---|---|
| 001 | Z_1300 | ||
| 003 | CHAP | ||
| 008 | 220113s1990 xx 000 0 und d | ||
| 010 | _a164388 | ||
| 020 | _a950-24-0096-8 | ||
| 040 | _cCHAP | ||
| 082 | _a636.4 L67 | ||
| 100 |
_aLópez Magaldi, Mario Agustín _968070 |
||
| 245 |
_aProducción de porcinos / _cMario Agustín López Magaldi |
||
| 260 |
_aArgentina : _bAlbatros, _c1990 |
||
| 300 | _a382 p. | ||
| 503 | _aej.1: C/E \ ej.2: C/E | ||
| 650 |
_aCerdos _921368 |
||
| 650 |
_aCerdos _xCría _9138336 |
||
| 650 |
_aCerdos _xReproducción _9138537 |
||
| 650 |
_aGanado porcino _xProducción _945399 |
||
| 901 | _a636.4 L67 | ||
| 902 | _aM | ||
| 910 | _a1990 | ||
| 942 | _c1 | ||
| 942 | _cc1 | ||
| 999 |
_c164388 _d164388 |
||